| Поле | Название | Значение |
| |
Тип записи |
a |
| |
Библиографический уровень |
m |
| 001 |
Контрольный номер |
SKBR/eddbe68b-f2ee-4db9-8852-7936e7cc3876 |
| 005 |
Дата корректировки |
20241126094204.4 |
| 010 |
Индекс ISBN |
__ |
| a |
ISBN |
978-5-04-153967-2 |
| 9 |
Тираж |
3000 экз. |
| d |
Цена |
1335-40 |
| 035 |
Другие системные номера |
__ |
| a |
Идентификатор записи |
RU\CHEL\0001183191 |
| 100 |
Данные общей обработки |
__ |
| a |
Данные общей обработки |
20241004d2023 am y0rusy028902 ca |
| 101 |
Язык документа |
0_ |
| a |
Язык текста |
rus |
| d |
Язык резюме |
eng |
| 102 |
Страна публикации |
__ |
| a |
Страна публикации |
RU |
| 105 |
Кодированные данные (монография) |
__ |
| a |
Кодированные данные (монография) |
a z 000yy |
| 181 |
Поле кодированных данных: вид содержания |
_0 |
| a |
Код вида содержания (ISBD) |
i |
| 182 |
Поле кодированных данных: тип средства |
_0 |
| a |
Код типа средства (ISBD) |
n |
| 200 |
Заглавие и сведения об ответственности |
1_ |
| a |
Заглавие |
Самые красивые места России, от которых захватывает дух |
| e |
Сведения, относящиеся к заглавию |
шедевры архитектуры, природные богатства, лучшие города |
| f |
Первые сведения об ответственности |
С. А. Кирсанова |
| 203 |
Вид содержания и тип средства |
__ |
| a |
Вид содержания |
Текст |
| c |
Тип средства |
непосредственный |
| 210 |
Выходные данные |
1_ |
| a |
Место издания |
Москва |
| c |
Издательство |
Эксмо |
| d |
Дата издания |
2023 |
| 215 |
Физическое описание |
__ |
| a |
Объем |
246 с. |
| c |
Иллюстрации/тип воспроизводства |
фот. цв. |
| d |
Формат |
29 см |
| 225 |
Серия |
1_ |
| a |
Серия |
Подарочные издания |
| i |
Наименование части |
Туризм |
| 300 |
Общие примечания |
__ |
| a |
Общие примечания |
Автор указан в выпускных данных |
| 330 |
Аннотация |
__ |
| a |
Аннотация |
Россия - страна бескрайних полей и густых лесов, полноводных рек и бушующих морей, головокружительных горных вершин и арктических льдов. От красоты природы нашей страны захватывает дух! Под одной обложкой мы собрали самые лучшие достопримечательности России. Вас ждут красочные фотографии знаковых мест и природных сокровищ, увлекательные описания и интересные факты. Вы сможете вдохновиться для своих будущих путешествий и получить эстетическое удовольствие |
| 540 |
Дополнительное заглавие, сделанное каталогизатором |
10 |
| a |
Дополнительное заглавие, сделанное каталогизатором |
Шедевры архитектуры, природные богатства, лучшие города |
| 606 |
Тематические рубрики |
__ |
| 2 |
Код системы |
nlr_sh |
| a |
Основная рубрика |
География |
| 606 |
Тематические рубрики |
__ |
| 2 |
Код системы |
nlr_sh |
| a |
Основная рубрика |
Страноведение |
| y |
Географическая подрубрика |
Россия |
| y |
Географическая подрубрика |
Российская Федерация |
| 610 |
Ключевые слова |
2_ |
| a |
Ключевые слова |
природа России |
| 610 |
Ключевые слова |
2_ |
| a |
Ключевые слова |
музеи России |
| 610 |
Ключевые слова |
2_ |
| a |
Ключевые слова |
памятники природы |
| 610 |
Ключевые слова |
2_ |
| a |
Ключевые слова |
достопримечательности России |
| 610 |
Ключевые слова |
2_ |
| a |
Ключевые слова |
города России |
| 610 |
Ключевые слова |
2_ |
| a |
Ключевые слова |
природные богатства России |
| 610 |
Ключевые слова |
0_ |
| a |
Ключевые слова |
исторические памятники |
| 610 |
Ключевые слова |
0_ |
| a |
Ключевые слова |
архитектурные памятники |
| 610 |
Ключевые слова |
0_ |
| a |
Ключевые слова |
музеи |
| 610 |
Ключевые слова |
0_ |
| a |
Ключевые слова |
усадьбы |
| 610 |
Ключевые слова |
0_ |
| a |
Ключевые слова |
соборы |
| 610 |
Ключевые слова |
0_ |
| a |
Ключевые слова |
храмы |
| 610 |
Ключевые слова |
0_ |
| a |
Ключевые слова |
исторические места |
| 610 |
Ключевые слова |
0_ |
| a |
Ключевые слова |
достопримечательности |
| 610 |
Ключевые слова |
0_ |
| a |
Ключевые слова |
природные достопримечательности |
| 686 |
Индексы других классификаций |
__ |
| a |
Классификационный индекс |
26.890(2Рос) |
| 2 |
Код системы |
rubbks |
| 700 |
Автор |
_1 |
| a |
Фамилия |
Кирсанова |
| b |
Имя |
С. А. |
| g |
Полное личное имя |
Светлана Александровна |
| 4 |
Код отношения |
070 |
| 801 |
Источник записи |
_0 |
| a |
Страна |
RU |
| b |
Организация |
NLR |
| c |
Дата составления |
20220419 |
| g |
Правила каталогизации |
RCR |
| 801 |
Источник записи |
_1 |
| a |
Страна |
RU |
| b |
Организация |
NLR |
| c |
Дата составления |
20220419 |
| 2 |
Код формата |
rusmarc |
| g |
Правила каталогизации |
PSBO |
| 801 |
Источник записи |
_2 |
| a |
Страна |
RU |
| b |
Организация |
NLR |
| c |
Дата составления |
20220524 |
| 2 |
Код формата |
rusmarc |
| g |
Правила каталогизации |
PSBO |
| 852 |
Данные о местонахождении |
__ |
| i |
Авторский знак |
К 43 |
| j |
Шифр хранения |
26.890(2Рос) |
| 900 |
Макрообъекты |
__ |
| a |
Макрообъекты |
Самые красивые места России, от которых захватывает дух, 2023 |
| 901 |
Тип документа |
__ |
| a |
Ответственный |
КиК/Обаева |
| t |
Тип документа |
m |
| 903 |
Характеристики (МАРС) |
__ |
| a |
Дата передачи |
20241004 |
| c |
Наименование библиотеки (МАРС) |
Муниципальное бюджетное учреждение культуры "Централизованная библиотечная система" г. Сургут (Центральная городская библиотека им. А. С. Пушкина) |
| 990 |
Данные о заказе (DOS) |
__ |
| j |
Количество экземпляров (DOS) |
1 |
| t |
N записи в КСУ для И/У (DOS) |
202410 |